Central Library OPAC University of Rajshahi

Tribe, caste, and religion in India / (Record no. 57919)

MARC details
000 -LEADER
fixed length control field 00826nam a2200277 a 4500
001 - CONTROL NUMBER
control field 57919
003 - CONTROL NUMBER IDENTIFIER
rucl marc code BD-RjUL
005 - DATE AND TIME OF LATEST TRANSACTION
control field 20211209080551.0
008 - FIXED-LENGTH DATA ELEMENTS--GENERAL INFORMATION
fixed length control field 161212r19931977ii b 000 0 eng
020 ## - INTERNATIONAL STANDARD BOOK NUMBER
Terms of availability Rs45.00
035 ## - SYSTEM CONTROL NUMBER
System control number (BD-RjUL)58043
040 ## - CATALOGING SOURCE
Original cataloging agency DLC
Transcribing agency DLC
Modifying agency DLC
Language of cataloging eng
041 ## - LANGUAGE CODE
Language code of text/sound track or separate title eng
082 00 - DEWEY DECIMAL CLASSIFICATION NUMBER
Classification number 305.51220954
Author mark and year TRI 1993
245 00 - TITLE STATEMENT
Title Tribe, caste, and religion in India /
Statement of responsibility, etc. edited by Romesh Thapar.
260 ## - PUBLICATION, DISTRIBUTION, ETC. (IMPRINT)
Place of publication, distribution, etc. [Delhi] :
Name of publisher, distributor, etc. Macmillan Co. of India,
Date of publication, distribution, etc. 1977 [Reprinted 1993]
300 ## - PHYSICAL DESCRIPTION
Pagination x, 168 p. ;
Size 22 cm.
504 ## - BIBLIOGRAPHY, ETC. NOTE
Bibliography, etc Includes bibliographical references.
650 #0 - SUBJECT ADDED ENTRY--TOPICAL TERM
Topical term or geographic name as entry element Tribes
Geographic subdivision India.
9 (RLIN) 172025
Topical term or geographic name as entry element Caste
Geographic subdivision India.
9 (RLIN) 171678
651 #0 - SUBJECT ADDED ENTRY--GEOGRAPHIC NAME
Geographic name India
General subdivision Scheduled tribes.
9 (RLIN) 172026
Geographic name India
General subdivision Religion.
9 (RLIN) 170904
700 1# - ADDED ENTRY--PERSONAL NAME
Personal name Thapar, Romesh.
942 ## - ADDED ENTRY ELEMENTS (KOHA)
Source of classification or shelving scheme Dewey Decimal Classification
Koha item type Books
Holdings
Lost status Source of classification or shelving scheme Damaged status Not for loan Collection code Permanent Location Current Location Shelving location Date acquired Source of acquisition Cost, normal purchase price Total Checkouts Full call number Date last seen Copy number Koha item type
  Dewey Decimal Classification   Not For Loan Non-fiction Central Library, University of Rajshahi Central Library, University of Rajshahi Reading Room 14/08/2000 Ankur Prokasoni, Dhaka 68.00   305.51220954 TRI 1993 12/12/2016 C-1 Books